000 01407nam a22003257i 4500
005 20210818182313.0
008 191026s2019 ck adg gr 000 0dspa d
020 _a9789587223675
040 _aCOMFC
_bspa
_erda
041 _aspa
100 1 _955191
_aMuñoz Navarro, Fredy
_eaut
245 1 0 _aProyecto: arco, violín y flechas
_bmétodo para la enseñanza y aprendizaje del violín - Básico 1
_cFredy Muñoz Navarro ; Grupo de Investigación Formación Musical, Cultura y Sociedad
264 0 1 _aPereira
_bUniversidad Tecnológica de Pereira
_c2019
300 _a75 páginas
_bilustraciones, gráficas, música
_c30 cm
336 _2rdacontent
_atxt
337 _2rdamedia
_an
338 _2rdacarrier
_anc
490 _952756
_aColección Textos Académicos
500 _aContiene datos biográficos del autor
504 _aIncluye bibliografía
710 2 _955192
_aGrupo de Investigación Formación Musical, Cultura y Sociedad
830 _954297
_aDepósito Legal - Sala de Patrimonio Bibliográfico y Documental de Risaralda
082 0 4 _a787.2193
_bM994p
650 0 _938810
_aViolin
_vEnseñanza y aprendizaje
650 0 _938810
_aViolin
_vInstrucción y estudio
650 0 _955193
_aAprendizaje Musical
650 0 _924035
_aMúsica
_xHabilidades motrices
650 0 _924035
_aMúsica
_xDesarrollo auditivo
942 _2ddc
_h787.2193 M994p
_k787.2193
_mM994p
999 _c15436
_d15436